000 06225cam a22020654i 4500
003 PE-LiUPU
005 20250813165948.0
008 140715s2013 mx a rb 01 spa d
020 _a6074818916
020 _a9786074818918
035 _a(Sirsi) i9786074818918
040 _aPE-LiUPU
_bspa
_cPE-LiUPU
_dPE-LiUPU
_erda
049 _aPRUA
082 0 4 _a658.5
_bC83
100 1 _aCoyle, John J.,
_eautor.
245 1 0 _aAdministración de la cadena de suministro :
_buna perspectiva logística /
_cJohn J. Coyle [y tres más].
250 _aNovena Edición
264 1 _aMéxico :
_bCengage Learning,
_c2013
300 _a646 páginas :
_bilustraciones ;
_c27 centímetros
336 _atext
_2rdacontent
337 _aunmediated
_2rdamedia
338 _avolume
_2rdacarrier
504 _aIncluye bibliografía e índice.
505 0 _aPanorama general de la administración de la cadena de suministro -- Función de la logística en las cadenas de suministro -- Dimensiones globales de las cadenas de suministro -- Relaciones en la cadena de suministro -- Medición del desempeño.
526 _aP203
526 _aP200
526 _aSEG65
526 _aSEG64
526 _aSEG63
526 _aSEG62
526 _aSEG61
526 _aSEG60
526 _aSEG59
526 _aSEG58
526 _aSEG57
526 _aSEG56
526 _aSEG55
526 _aSEG54
526 _aSEG53
526 _aSEG52
526 _aSEG51
526 _aSEG50
526 _aSEG49
526 _aSEG48
526 _aSEG47
526 _aSEG46
526 _aSEG24
526 _aSEG23
526 _aSEG22
526 _aSEG21
526 _aSEG20
526 _aSEG19
526 _aSEG18
526 _aSEG17
526 _aSEG16
526 _aSEG14
526 _aSEG13
526 _aSEG12
526 _aSEG11
526 _aSEG10
526 _aSEG09
526 _aSEG06
526 _aSEG05
526 _aSEG04
526 _aSEG03
526 _aSEG02
526 _aSEG68
526 _aSEG66
526 _aSEG45
526 _aSEG25
526 _aSEG01
526 _aP163
526 _aP162
526 _aP161
526 _aP160
526 _aP159
526 _aP158
526 _aP157
526 _aP156
526 _aP155
526 _aP154
526 _aP153
526 _aP152
526 _aP151
526 _aP150
526 _aP149
526 _aP142
526 _aP141
526 _aP140
526 _aP139
526 _aP138
526 _aP137
526 _aP132
526 _aP131
526 _aP130
526 _aP126
526 _aP125
526 _aP124
526 _aP123
526 _aP115
526 _aP122
526 _aP121
526 _aP116
526 _a P114
526 _aP112
526 _aP111
526 _aP104
526 _aP103
526 _aP102
526 _aP101
526 _aP100
526 _aP96
526 _aP95
526 _aP93
526 _aP92
526 _aP91
526 _aP88
526 _aP83
526 _aP82
526 _aP79
526 _aP78
526 _aP75
526 _aP74
526 _aP71
526 _aP69
526 _a P51
526 _aP49
526 _aP48
526 _aP47
526 _aP33
526 _aP31
526 _a P30
526 _aP29
526 _aP27
526 _aP26
526 _aP25
526 _aP24
526 _a P22
526 _aP10
526 _aP09
526 _a P08
526 _aP06
526 _aP05
526 _aP04
526 _aP01
650 1 4 _aLogística empresarial.
_94938
700 1 _aLangley, C. John
_ecoaut.
700 1 _aNovack, Robert A.
_ecoaut.
700 1 _aBibson, Brian J.
_ecoaut.
700 1 _aHernan D'Borneville, Erika M. Jasso
_etraductor.
700 1 _aHaaz Díaz, Guillermo
_erevisor.
910 _agl
_b
_clch
_d20131122
910 _ajck
910 _adbm
_bncf
_cncf
_d20190509
942 _2ddc
_cBOOK
949 _a658.5 C83
_i68913
_lCCODEBUL1
_mBUL
_tLIBRO
_o.STAFF. Colección Ciencias Empresariales
949 _a658.5 C83
_i69894
_lCCODEBUL1
_mBUL
_tLIBRO
_o.STAFF. Colección Ciencias Empresariales
949 _a658.5 C83
_i69895
_lCCODEBUL1
_mBUL
_tLIBRO
_o.STAFF. Colección Ciencias Empresariales
949 _a658.5 C83
_i69937
_lCCODEBUL1
_mBUL
_tLIBRO
_o.STAFF. Colección Ciencias Empresariales
949 _a658 C74
_i1010800
_lCCODEBUL1
_mBC-J
_tLIBRO
_o.STAFF. Colección General
994 _aC0
_bPEPRU
596 _a1
999 _a658.5 C83
_wDEWEY
_c56096
_i68913
_d56096
_e2017-10-5
_f2021-11-8
_g6
_lCCODEBUL1
_mBUL
_n6
_p60.00
_q1
_r0
_sY
_tBOOK
_u2015-7-6
_xFCE
_PP04
_0COMPRA
_o.STAFF. Colección Ciencias Empresariales
999 _a658.5 C83
_wDEWEY
_c2
_i69894
_d2018-5-25
_e2016-5-31
_f2021-11-8
_g6
_lCCODEBUL1
_mBUL
_n4
_p43.00
_q1
_r0
_sY
_tBOOK
_u2015-7-22
_xFCE
_PP04
_0COMPRA
_o.STAFF. Colección Ciencias Empresariales
999 _a658.5 C83
_wDEWEY
_c3
_i69895
_f2021-11-8
_g6
_lCCODEBUL1
_mBUL
_p43.00
_r0
_sY
_tBOOK
_u2015-7-22
_xFCE
_zP04
_0COMPRA
_o.STAFF. Colección Ciencias Empresariales
999 _a658.5 C83
_wDEWEY
_c4
_i69937
_d2018-4-20
_e2018-4-18
_f2021-11-8
_g6
_lCCODEBUL1
_mBUL
_n1
_p49.00
_r0
_sY
_tBOOK
_u2015-7-22
_xFCE
_zP04
_0COMPRA
_o.STAFF. Colección Ciencias Empresariales
999 _a658.5 C83
_wDEWEY
_c5
_i72347
_f2021-11-8
_g6
_lCCODEBUL1
_mBUL
_p50.44
_r0
_sY
_tBOOK
_u2016-1-7
_xFCE
_PP04
_0COMPRA
_o.STAFF. Colección Ciencias Empresariales
999 _a658.5 C83
_wDEWEY
_c6
_i72348
_d2018-9-13
_e2017-12-15
_f2021-11-8
_g6
_lCCODEBUL1
_mBUL
_n3
_p50.44
_q3
_r0
_sY
_tBOOK
_u2016-1-7
_xFCE
_PP04
_0COMPRA
_o.STAFF. Colección Ciencias Empresariales
980 _81
_gALBERTO SANCHEZ Responsable de Automatización